Symbolic anthropology : a reader in the study of symbols and meanings

Αποθηκεύτηκε σε:
Λεπτομέρειες βιβλιογραφικής εγγραφής
Άλλοι συγγραφείς: Dolgin, Janet L. 1947- (Επιμελητής έκδοσης), Kemnitzer, David S. (Επιμελητής έκδοσης), Schneider, David Murray 1918- (Επιμελητής έκδοσης)
Μορφή: Βιβλίο
Γλώσσα:English
Δημοσίευση: New York : Columbia University Press, 1977
Θέματα:
Ετικέτες: Προσθήκη ετικέτας
Δεν υπάρχουν, Καταχωρήστε ετικέτα πρώτοι!

MARC

LEADER 00000cam a2200000 i 4500
001 1/78998
008 940926s1977 eng d
020 |a 0231040326 
035 |l 10004701 
040 |a GR-MY-UA  |b gre  |e aacr 
041 0 |a eng 
082 0 |a 306.4 
245 1 0 |a Symbolic anthropology :  |b a reader in the study of symbols and meanings /  |c edited by Janet L. Dolgin, David S. Kemnitzer, David M. Schneider 
260 |a New York :   |b Columbia University Press,   |c 1977 
300 |a vi, 523 p.;  |b ill.;  |c 26 cm 
504 |a Bibliography: p. 509-523 
650 0 0 |a Ethnology. 
650 0 0 |a Symbolism. 
650 0 0 |a Speeches, addresses, etc. 
700 1 |a Dolgin, Janet L.  |d 1947-  |4 edt 
700 1 |a Kemnitzer, David S.  |4 edt 
700 1 |a Schneider, David Murray  |d 1918-  |4 edt 
852 |a INST  |b LESVOS  |e 19940926  |h 306.4 SYM  |p 005100003608  |q 005100003608  |t BK  |y 0 
852 |a INST  |b LESVOS  |e 19960523  |h 306.4 SYM  |p 005100004762  |q 005100004762  |t BK  |y 0 
852 |a INST  |b LESVOS  |e 19960523  |h 306.4 SYM  |p 005100004763  |q 005100004763  |t BK  |y 0 
909 |a Λ  |b 006155 
909 |a Λ  |b 010282 
909 |a Λ  |b 010283